Contradictions of democracy, development and inequality: a case of India (Record no. 1679567)

MARC details
000 -LEADER
fixed length control field 00864 a2200253 4500
005 - DATE AND TIME OF LATEST TRANSACTION
control field 20260420150413.0
008 - FIXED-LENGTH DATA ELEMENTS--GENERAL INFORMATION
fixed length control field 260420b |||||||| |||| 00| 0 eng d
020 ## - INTERNATIONAL STANDARD BOOK NUMBER
International Standard Book Number 978-1-041-20988-5 (hbk)
037 ## - SOURCE OF ACQUISITION
Terms of availability TB
040 ## - CATALOGING SOURCE
Original cataloging agency CRL
Transcribing agency CRL
041 ## - LANGUAGE CODE
Source of code eng
Language code of text/sound track or separate title eng
084 ## - COLON CLASSIFICATION NUMBER
Classification number W6:(X:77).2 R6
Assigning agency CRL
245 ## - TITLE STATEMENT
Title Contradictions of democracy, development and inequality: a case of India
260 ## - PUBLICATION, DISTRIBUTION, ETC.
Place of publication, distribution, etc. London:
Name of publisher, distributor, etc. Routledge,
Date of publication, distribution, etc. 2026.
300 ## - PHYSICAL DESCRIPTION
Extent 263p.
365 ## - TRADE PRICE
Price amount 1295.00
Currency code INR
650 ## - SUBJECT ADDED ENTRY--TOPICAL TERM
Topical term or geographic name entry element Equality- India
9 (RLIN) 1235187
650 ## - SUBJECT ADDED ENTRY--TOPICAL TERM
Topical term or geographic name entry element India- Economic condition
9 (RLIN) 1235188
700 ## - ADDED ENTRY--PERSONAL NAME
Personal name Gupta, Sejuti Das
Relator term Ed.
700 ## - ADDED ENTRY--PERSONAL NAME
Personal name Chakraborty, Shouvik
Relator term Ed.
9 (RLIN) 1235189
700 ## - ADDED ENTRY--PERSONAL NAME
Personal name Banerjee, Taposik
Relator term Ed.
9 (RLIN) 1235190
942 ## - ADDED ENTRY ELEMENTS (KOHA)
Koha item type Textbook
Source of classification or shelving scheme Colon Classification (CC)
Classification part W6:(X:77).2 R6
Holdings
Withdrawn status Lost status Source of classification or shelving scheme Damaged status Not for loan Home library Current library Date acquired Source of acquisition Cost, normal purchase price Inventory number Total Checkouts Full call number Barcode Date last seen Cost, replacement price Price effective from Koha item type
    Colon Classification (CC)     Central Library Central Library 2026-04-20 Classic Book Service 1036.00 274/ 2026-02-20   W6:(X:77).2 R6 CL1926256 2026-02-20 1295.00 2026-02-20 Textbook
Copyright @ Delhi University Library System